MARC

LEADER 00000nam0a2200000 4500
001 174480
005 20231101223150.0
010 |a 9780194557061 
035 |a (RuTPU)RU\TPU\book\189210 
090 |a 174480 
100 |a 20100128d2009 m y0rusy50 ca 
101 0 |a eng 
102 |a US 
105 |a a j 001zy 
200 1 |a Oxford Living Grammar. Pre-intermediate  |f M. Harrison 
210 |a New York  |c Oxford University Press  |d 2009 
215 |a 156 p.  |c ил.  |e Прилож.: CD-R 
606 1 |a Английский язык  |x Учебные руководства и пособия для высшей школы  |x Пособия по грамматике  |2 stltpush  |3 (RuTPU)RU\TPU\subj\29073  |9 52485 
610 1 |a грамматика 
610 1 |a упражнения 
686 |a Ш143.21-923.2  |v LBC/SL-A  |2 rubbk 
700 1 |a Harrison  |b M.  |g Mark 
801 1 |a RU  |b 63413507  |c 20100128 
801 2 |a RU  |b 63413507  |c 20170629  |g RCR 
942 |c BK